[Event "SuperConstellation_Turbostar432KSO"]
[Site "?"]
[Date "2019.05.01"]
[Round "1"]
[White "Super Constellation"]
[Black "Turbostar 432 KSO"]
[Result "1/2-1/2"]
[WhiteElo "1819"]
[BlackElo "1807"]
[Annotator "Utzinger,K"]
[PlyCount "66"]
[EventDate "2019.??.??"]

1. e4 e6 {Match 120'/40 | 1. Partie | ECO C19: Französische Verteidigung 
(Nimzowitsch-Variante) | Resultat: remis | Legende: * = Tempozug und in
Klammer = der vom SC erwartete Zug | Die beiden Programme werden mit einer
ausgleichenden Variante aus dem Buch entlassen, wofür ich kein Vorbild finden
konnte. Der frühzeitige Damentausch ergibt ein ausgeglichenes Mittel- und
Endspiel. Den einzigen richtigen Fehler begeht der Turbostar 432 KSO, aber der
Super Conny vermag davon nicht profitieren. Und so flacht die Partie ab und
endet mit Remis.} 2. d4 d5 3. Nc3 Bb4 4. e5 c5 5. a3 Bxc3+ 6. bxc3 Qc7 {
Seinerzeit eine von WM Mikhail Botvinnik favorisierte Variante, die viel von
der ehemaligen Popularität verloren hat.} 7. Nf3 (7. Qg4 {ist die schärfste
Fortsetzung}) 7... Ne7 8. Qd2 {***ENDE BUCH***} ({a)} 8. a4 {ist die
üblichste Fortsetzung}) ({b)} 8. h4 {scheint der modernste Hype zu sein}) 8...
Qa5 {***ENDE BUCH***} (8... b6 {oder}) (8... h6 {wären für mich als
Französisch-Spieler die wichtigsten Optionen}) 9. c4 {Strebt den Damentausch
und eine ausgeglichene Stellung an.} Qxd2+ 10. Bxd2 cxd4 11. cxd5 exd5 {
* (Sxd5)} 12. Bb5+ Bd7 {(Sbc6)} 13. Nxd4 Nbc6 14. Nxc6 Nxc6 (14... bxc6 {
sieht gleichwertig aus}) 15. Rb1 O-O {(a6)} (15... Nxe5 16. Bxd7+ Kxd7 17.
Rxb7+ Kc6 {=}) 16. O-O Bf5 {* (Tfe8)} 17. Ba4 Nxe5 {* (Tab8)} 18. Rxb7 Nc4 {
* (Tfc8)} 19. Bf4 Rfc8 (19... Nxa3 {? scheitert an} 20. Bd6 {+- und gewinnt
entscheidend Material}) 20. Bb3 Nxa3 {? Ein taktischer Missgriff (Sa5)} (20...
Na5 {auch ...Le6 geht} 21. Bxd5 Nxb7 22. Bxb7 Rab8 23. Bxb8 Rxb8 24. Bf3 Bxc2 {
= Ausgleich}) 21. Bxd5 {+/- bis +- Schwarz ist in Not: der f7-Bauer ist
doppelt angegriffen und die Deckung ...Tf8 geht nicht wegen Ld6 mit Angriff
auf zwei Figuren; so bleibt nur noch ein Läuferzug} Be6 {* (Lg6)} ({Etwas
weniger ungünstig ist} 21... Bg6 22. Rb3 Nxc2 23. Bxa8 Rxa8 24. Rfb1 {+/-})
22. Bxe6 fxe6 {*} 23. Ra1 {? Verpasst eine exzellente Chance auf
entscheidenden Vorteil.} (23. Be5 g6 24. Rg7+ Kf8 25. Rxh7 Nc4 26. Bf6 Nb6 27.
Bd4 Rd8 28. c3 {+- Weiss steht auf Gewinn, weil Schwarz nicht verhindern kann,
dass einer seiner Bauern (a7 oder g6) auch noch verlorengehen wird.}) 23...
Nxc2 24. Raxa7 Rxa7 25. Rxa7 Nb4 26. h3 Nd3 {(Sc6)} 27. Be3 e5 {(Tc2)} 28. Rd7
Nb2 {*} 29. Kf1 Rc2 {*} 30. Ba7 Nc4 {*} 31. Ke1 {*} h6 32. Kd1 Ra2 33. Bc5 Kh7
{Die restlichen Züge sind durch ein Missgeschick verlorengegangen.} 1/2-1/2

[Event "SuperConstellation_Turbostar432KSO"]
[Site "?"]
[Date "2019.05.02"]
[Round "2"]
[White "Turbostar 432 KSO"]
[Black "Super Constellation"]
[Result "1/2-1/2"]
[WhiteElo "1807"]
[BlackElo "1819"]
[Annotator "Utzinger,K"]
[PlyCount "172"]
[EventDate "2019.??.??"]

1. d4 Nf6 {Match 120'/40 | 2. Partie | ECO E12: Damenindisch Petrosjan-System)
| Resultat: remis | Zwischenstand nach 2 Partien: 1,0 : 1.0 | Ausgeglichene
Eröffnung, ausgeglichenes Mittelspiel, bis der Super Constellation
zwischendurch zweimal schwächelt. Aber der Turbostar 432 KSO vermag daraus
keinen Nutzen zu ziehen und so geht es ins ebenfalls ausgeglichene Endspiel.
Und wieder ist es David Kittinger's Programm, das den Faden und einen Bauern
verliert. Nach mühseligen Verzögerungen und einem zwischendurch verpassten
Gewinn scheint der weisse Freibauer auf der b-Linie doch noch die Entscheidung
zu bringen. Schliesslich steht der Turbostar 432 KSO mit K+T+S gegen K+L, also
mit einem glatten Turm mehr da, kann aber völlig überraschend, dieses
Endspiel nicht gewinnen.} 2. c4 e6 3. Nf3 b6 4. a3 {***ENDE BUCH***} d5 5. cxd5
exd5 6. Nc3 Be7 7. Bf4 O-O {***ENDE BUCH***} 8. Nb5 {?! Ein typischer
Computerzug, der nichts leistet und am Ende nur ein Tempo für den Rückzug
verliert.} (8. e3 c5 9. Be2 Nc6 10. Ne5 Bb7 11. O-O cxd4 12. exd4 Nxe5 13. dxe5
Ne4 14. Nxe4 dxe4 15. Qa4 a6 16. Rfd1 Qe8 17. Qb3 Bc5 18. Qg3 Qe6 19. b4 Be7
20. Bg4 Qg6 21. Be3 a5 22. b5 Rad8 23. Bd7 Bc8 24. Qxg6 hxg6 25. e6 fxe6 26.
Bc6 Rxd1+ 27. Rxd1 Rd8 28. Rb1 Rd3 29. Bxb6 Rxa3 30. Be3 Rc3 31. Ra1 Rb3 32. g3
Bd8 33. Bxe4 Rb4 34. Rc1 Bd7 35. Rd1 Rxe4 36. Rxd7 Bf6 37. b6 Rb4 38. b7 a4 39.
Bc5 Rb1+ 40. Kg2 g5 41. Bd6 a3 42. Bxa3 Be5 43. Be7 g4 44. h3 gxh3+ 45. Kxh3
Rb3 46. Kg4 Kf7 47. Bd6+ Kf6 48. Bxe5+ Kxe5 49. Kg5 {1-0 (49) Timman,J (2655)
-Larsen,B (2605) Tilburg 1982}) 8... Na6 9. e3 c6 10. Nc3 {*} Nc7 11. Bd3 Ne6
12. Be5 c5 13. dxc5 Nxc5 (13... bxc5 {verspricht einen spannungsgeladenen Kampf
}) 14. O-O Nxd3 15. Qxd3 Bb7 16. Rac1 Nd7 17. Bf4 Nc5 18. Qc2 Ne6 19. Be5 Rc8
20. Rfd1 Rc5 (20... Qd7 {ist besser}) 21. b4 Rc4 22. e4 d4 23. Qb3 Qc8 24. Ne2
{Das Schlagen auf d4 bringt Weiss nichts ein.} (24. Nxd4 Nxd4 25. Bxd4 Rd8 26.
Be5 Rxd1+ 27. Rxd1 Bxe4 28. Nxe4 Rxe4 {=}) 24... Rxc1 25. Rxc1 Qd8 {? Deutlich
stärker 25...Dd7, was das Feld f5 überdeckt.} 26. Qd3 {Übersieht einen
möglichen Bauerngewinn, wofür wenigstens 11 bzw. vermutlich gar 13 Halbzüge
erforderlich gewesen wären.} ({Nach} 26. Nfxd4 Nxd4 27. Nxd4 Bxe4 28. Re1 Bd5
29. Qg3 Bf6 30. Nf5 Bc6 31. Nxg7 Bxe5 32. Qxe5 Qd5 33. Qxd5 Bxd5 34. Nf5 {
muss Schwarz mit Minusbauer in diesem Endspiel hart ums Remis kämpfen.}) 26...
a5 27. Rb1 axb4 28. axb4 Bd6 {Ein erstaunlicher Zug, der zu Komplikationen und
auf den ersten Blick zu Bauernverlust führt.} 29. Bxd4 Re8 30. Nc3 {Der
d4-Läufer darf wegen ...Lxh2+ nebst ...Dxd3 nicht weichen.} Bc7 31. Ra1 {
Die kritische Variante bestand in 31.Td1 und es fragt sich, was der Super
Constellation dagegen aus dem Hut gezaubert hätte.} (31. Rd1 Nxd4 32. Qxd4
Qxd4 33. Rxd4 {und noch ist - zumindest für unsere Oldies - unklar, wie
Schwarz seinen Bauern wieder zurückholt.}) 31... Nxd4 32. Qxd4 Qxd4 33. Nxd4
Bd6 34. Ra7 Bxe4 {= Und es herrscht wieder materieller Gleichstand} 35. f3 Bd3
36. Nd5 Bf8 37. Rd7 (37. Nxb6 Bxb4) 37... Ra8 38. Nxb6 Ra1+ 39. Kf2 Ra2+ 40.
Ke3 Ra3 {Möchte gerne mit ...Lf5+ den weissen d7-Turm abholen.} 41. Rd8 {
Es droht Befreiung des weissen Königs aus der Fesslung mit Kd2 und dann
tödlich Sd7. Schwarz hat also gerade einen Zug lang Zeit, dieser Drohung zu
begegnen.} h6 {? Falsch, denn wenn der König nach h7 zieht, fällt ja der Lf8.
Deshalb war} (41... g6 {richtig, was nach} 42. Kd2 Kg7 {= ermöglicht, weil}
43. Nd7 {? keine Drohung mehr darstellt} Bxb4+) 42. Nd5 {?! Der selektive
Kombinationskünstler geht an seinem Glück vorbei. Hier hätte 42.Kd2
wenigstens eine Figur erobert. Trotz allem steht Weiss selbst nach dem Textzug
besser.} (42. Kd2 {droht vernichtend Sd7 und der Lf8 ging verloren} Bg6 43. Nd7
Rd3+ 44. Ke2 Rxd4 45. Rxf8+ Kh7 46. Rd8 {droht Sf8+ mit Turmgewinn} Bd3+ 47.
Ke3 {zwei Figuren sind angegriffen und ferner droht Sf8+ mit Eroberung des
schwarzen Td3} Rxb4 48. Nf8+ Kh8 49. Rxd3 {+- und Weiss besitzt eine Mehrfigur}
) 42... Bc4+ (42... g5 {ist besser}) 43. Ke4 Bxd5+ {Dieser unnötige Tausch
bringt Schwarz in eine verlorene Stellung, denn der weisse Freibauer auf der
b-Linie ist absolut tödlich.} 44. Kxd5 Ra2 45. g4 (45. b5 {+- gegen diesen
sofortigen Vormarsch sprach gar nichts.}) 45... Rxh2 46. Kc6 h5 47. gxh5 {
Einfacher gewinnt 47.b5 usw.} Rxh5 48. Kc7 {? Das Programm von Julio Kaplan
greift wieder einmal daneben und "vergisst" für einen Moment seinen Freibauer.
} g6 49. b5 Rc5+ 50. Kb7 Rc1 51. Rd7 {Weiss hat wirklich nichts mit Freibauern
am Hut.} Bg7 52. Ne2 Rf1 53. Rd8+ Kh7 54. f4 Bf6 55. Rc8 {Weiss hat mit seiner
Trödelei fast seinen gesamten Vorteil verschenkt.} Kh6 {? Aber nicht so.} (
55... Rb1 {und nur noch +=}) 56. Rc6 Kg7 57. b6 Rf2 58. Rc2 Rf3 {Dass der
Super Constellation den Remisweg mit 58...Ld8 verpasst, darf man ihm nicht
ankreiden.} (58... Bd8 59. Rd2 Bxb6 60. Kxb6 g5 61. fxg5 Kg6 62. Rd6+ Kxg5 {
Remis}) 59. Kc8 {+- Endlich kann der Freibauer laufen.} Re3 60. b7 Re8+ 61. Kc7
Re7+ 62. Kb6 Re8 63. Ka7 Re7 64. Ka8 Rxb7 65. Kxb7 g5 66. Rc6 gxf4 67. Nxf4 {
Dass Weiss diese Stellung mit einem Turm mehr nicht zu gewinnen vermag, hat
sich der Bediener nicht vorstellen können.} Be5 68. Nd5 f6 69. Re6 Kg6 70. Kc6
Kg5 71. Re7 Kf5 72. Kd7 Bd4 73. Re1 Bb2 74. Rf1+ Ke4 75. Nxf6+ Kd3 {[#] Hier
habe ich vorerst mit 1-0 abgebrochen. Spätere Untersuchungen habe
erschreckend zutage gefördert, dass der Turbostar 432 KSO nicht in der Lage
ist, die Abbruchstellung zu gewinnen.} 76. Ke6 Ke2 77. Rb1 (77. Rf5 Ba1 78. Kd5
Ke3 79. Ng4+ Kd3 80. Rf3+ Ke2 81. Re3+ Kd2 82. Kc4 Bb2 83. Rf3 Bc1 84. Rf2+ Ke1
85. Ra2 Bd2 86. Kd3 Bc1 87. Rc2 Bf4 88. Ne3 Bxe3 89. Kxe3 Kf1 90. Ra2 Kg1 91.
Kf3 Kh1 92. Kg3 Kg1 93. Ra1#) 77... Bd4 78. Rb7 Kf3 79. Rd7 Ke3 80. Re7 Kf4 81.
Nd5+ Kg4 82. Rf7 Bb2 83. Rb7 Ba1 84. Rc7 Bb2 85. Ra7 Kg5 86. Rb7 Ba1 {Die
restlichen Züge nicht mehr notiert.} 1/2-1/2

[Event "SuperConstellation_Turbostar432KSO"]
[Site "?"]
[Date "2019.05.03"]
[Round "3"]
[White "Super Constellation"]
[Black "Turbostar 432 KSO"]
[Result "0-1"]
[WhiteElo "1819"]
[BlackElo "1807"]
[Annotator "Utzinger,K"]
[PlyCount "149"]
[EventDate "2019.??.??"]

1. d4 Nf6 {Match 120'/40 | 2. Partie | Damengambit (Meraner Variante) |
Schwarz gewinnt | Zwischenstand nach 3 Partien: 2 : 1 (+1 -0 =2) für den
Turbostar 432 KSO | Der Super Constellation wird mit Weiss in einem äusserst
komplexen Abspiel der Meraner Variante mit einer zweitklassigen
Eröffnungsvariante aus dem Buch entlassen. Für die beiden Oldies ist das
nicht einmal entscheidend. Dann begeht das Novag-Programm einen taktischen
Verlustzug ... wird dafür aber nicht bestraft. Bald wird beidseitig kräftig
Holz abgetauscht und es entsteht mit KTT vs KL+2B ein ausgeglichenes Endspiel.
Dank eines Fehlers des Super Constellation vermag der Turbostar 432 KSO seine
Figuren maximal zu aktivieren und einen tödlichen Freibauer nach vorne zu
bringen. Material- und Partieverlust für Weiss ist die Folge.} 2. c4 e6 3. Nc3
d5 4. Nf3 c6 5. e3 Nbd7 6. Bd3 dxc4 7. Bxc4 b5 8. Bd3 a6 9. e4 c5 10. e5 cxd4
11. Nxb5 Nxe5 12. Nxe5 axb5 13. Qf3 Bb4+ 14. Ke2 Rb8 15. Qg3 {***ENDE BUCH***}
Qc7 16. Nc6 Qxc6 17. Qxb8 O-O {***ENDE BUCH***} 18. f3 {-/+ Die beste
Fortsetzung. Wenn jedoch die heutigen Engines die schwarze Stellung schon
deutlich besser beurteilen, muss in der Eröffnung etwas schiefgelaufen sein,
bzw. taugt die von Weiss aus dem Buch gewählte Variante nicht viel. Der
Sündenbock scheint im unpopulären 13.Df3 zu liegen.} Bd7 19. Qe5 Qb6 20. Bh6
{? Ein taktischer Schnitzer, der eine Figur verlieren sollte.} Qd6 {? Die
falsche Antwort.} ({Richtig ist} 20... Bd6 21. Qg5 Ne8 22. h4 f6 23. Qg4 f5 24.
Qg5 Rf6 {-+ und gewinnt den Lh6 und die Partie}) 21. Qxd6 Bxd6 22. Bg5 Nd5 23.
Be4 h6 24. Bxd5 hxg5 25. Bb3 {+= Nun steht Weiss etwas besser, wobei der
geringe materielle weisse Vorteil (T vs L+B) durch das starke schwarze
Läuferpaar weitgehend kompensiert wird.} Rc8 {Da die weissen Türme auf der
c-Linie keine Einbruchsfelder finden, hatten andere Züge Vorrang. So wird z.B.
mit 25...b4 der weissfeldrige Läufer aktiviert und gar noch besser wäre wohl
25...e5 mit dem Plan g5-g4 zu spielen und aktiv aufzutreten.} 26. Rhd1 Be5 {
?! Deutlich besser ist 26...e5} 27. Rd2 Kf8 28. Rad1 {Eine seltsame Idee,
diese Turmverdopplung auf einer Linie, wo der gegnerische und nicht
angreifbare d4-Bauer ein unüberwindbares Hindernis darstellt.} Ke7 29. a3 Kd6
30. h3 g6 31. Bc2 Bc6 32. Kf2 Bd5 {Durch das planlose weisse Spiel steht es
nun wieder ausgeglichen.} 33. g3 Rh8 34. f4 gxf4 35. gxf4 Bxf4 36. Rxd4 Rxh3
37. Rxf4 Rh2+ 38. Ke3 Rxc2 39. Rxf7 Rxb2 40. Rd2 Rb1 41. Rg7 Ke5 42. Rxg6 Rb3+
43. Kf2 Rxa3 {Rege haben die beiden Programme abgewickelt, ohne allerdings am
Gleichgewicht der Stellung zu rütteln. Siegeschancen in dieser Stellung hat
allerdings nur Schwarz mit seinen Bauern.} 44. Rg7 Rh3 45. Rd7 b4 46. Re2+ Be4
47. Ke1 Rh1+ 48. Kd2 Ra1 49. Ke3 Ra3+ 50. Kf2 Rb3 51. Ra2 Rh3 52. Ra5+ Bd5 53.
Ke2 Kd4 54. Raa7 {? Ein verlustbringendes Manöver, statt den weissen König
noch rechtzeitig an den Damenflügel zu bringen.} ({Nach} 54. Kd2 Rd3+ 55. Kc2
b3+ 56. Kc1 Kc3 57. Rc5+ Kb4 58. Rcc7 Rc3+ 59. Kd2 {= befindet sich das
Endspiel in der Remisbreite}) 54... Rh2+ 55. Kd1 b3 {-+ und Schwarz gewinnt,
denn Weiss wird einen Turm hergeben müssen, wonach das Endergebnis klar wird}
56. Rab7 (56. Kc1 {rettet auch nicht mehr} b2+ 57. Kb1 Kc4 58. Rdc7+ Kb3 59.
Rcb7+ Bxb7 60. Rxb7+ Kc4 {und falls} 61. Rxb2 Rxb2+ 62. Kxb2 Kd3 63. Kc1 e5 64.
Kd1 e4 65. Ke1 Ke3 66. Kd1 Kf2 {-+}) 56... Ke3 {droht ...Th1 matt} 57. Kc1 Bxb7
58. Rxb7 b2+ 59. Kb1 (59. Rxb2 {der Übergang ins Bauernendspiel ist chancenlos
} Rxb2 60. Kxb2 Kd2 {-+}) 59... e5 60. Rc7 e4 61. Rd7 Kf4 62. Rb7 e3 63. Rf7+
Ke4 64. Re7+ Kd4 65. Rd7+ Kc5 66. Rc7+ Kd6 67. Rc8 e2 68. Re8 Kd5 {Macht es
unnötig kompliziert} (68... Rh1+ 69. Kxb2 e1=Q 70. Rxe1 Rxe1) 69. Rd8+ Ke4 70.
Re8+ Kf3 71. Ka2 Rf2 72. Kb1 Rf1+ 73. Kxb2 e1=Q 74. Rxe1 Rxe1 75. Kc3 {Weiss
gibt auf} 0-1

[Event "SuperConstellation_Turbostar432KSO"]
[Site "?"]
[Date "2019.05.04"]
[Round "4"]
[White "Turbostar 432 KSO"]
[Black "Super Constellation"]
[Result "0-1"]
[WhiteElo "1807"]
[BlackElo "1819"]
[Annotator "Utzinger,K"]
[PlyCount "76"]
[EventDate "2019.??.??"]

1. d4 Nf6 {Match 120'/40 | 4. Partie | ECO E44: Nimzoindisch (Rubinstein
System) | Schwarz gewinnt | Zwischenstand nach 4 Partien: 2 : 2 (+1 -1 =2) |
Der Turbostar 432 KSO rochiert lang und gerät in einen fürchterlichen
Königsangriff. Der schwarz spielende Super Constellation öffnet konsequent
die Angriffslinien am Damenflügel und wenn auch nicht immer die stärksten
Fortsetzungen findend, wird das selektive Programm von Julio Kaplan gnadenlos
überrannt.} 2. c4 e6 3. Nc3 Bb4 4. e3 b6 5. Nge2 {***ENDE BUCH***} Ne4 6. Bd2
Nxd2 7. Qxd2 Ba6 8. a3 Bxc3 {***ENDE BUCH***} 9. Nxc3 d5 10. cxd5 Bxf1 11. Rxf1
exd5 12. b4 O-O 13. Qa2 c6 14. g3 Re8 15. Qb3 Qf6 16. O-O-O Nd7 17. Kb2 {
? Dieser harmlos wirkende Königsschritt ist ein für die beiden Programme
noch nicht erkennbarer Verlustzug.} (17. b5 {=+}) 17... b5 {! Sehr stark,
wonach sich eine für die weissen Figuren (vor allem K+D) tödliche Öffnung
des Damenflügel nicht mehr verhindern lässt.} 18. a4 {? Weiss fördert die
Öffnung der Stellung gar noch selbst, was zwei Dinge zeigt: Einerseits die
mangelnde Königssicherheit und ferner die zu wenig tiefe Berechnung der
Möglichkeiten.} a5 {! -+ Der Super Constellation in seinem Element. Die
weisse Stellung wird entscheidend aufgebrochen. Schwarz hat bereits eine
Gewinnstellung.} 19. axb5 axb4 {auch ...Sb6 gewinnt} 20. Qxb4 Reb8 {?!
deutlich stärker ...Sb6} 21. Rb1 {? Verpasst die wichtige
Verteidigungsmöglichkeit, durch 21.Ta1 ein Turmpaar zu tauschen.} Nb6 {
! Eine Verteidigung für Weiss ist nun nicht mehr zu finden.} 22. Kc2 Nc4 23.
Rbe1 Na3+ {Auch andere Fortsetzungen gewinnen.} 24. Kd2 Nxb5 {Effizienter
gewinnen ...Df3 oder ...Df5} 25. Rb1 Qd8 26. Ra1 Na3 {Die weisse Dame findet
nun keine Felder mehr.} 27. Qc5 Ra5 {Den Angriff entscheidender gestärkt
hätten 27...Tb2+ oder 27...Sc4+} 28. Qxa3 {erzwungen} Rxa3 29. Rxa3 Rb2+ 30.
Ke1 (30. Kc1 {leistet mehr Widerstand}) 30... Qb8 31. Ra4 Rc2 32. Nd1 h6 {
Öffnet endlich ein Loch für den König, so dass die schwarzen Figuren nun
frei agiern können.} 33. Rh1 Qb5 {! Einleitung des Mattangriffs.} 34. Ra8+ Kh7
35. Nc3 Qd3 36. Rh8+ Kxh8 37. e4 Rc1+ 38. Nd1 Rxd1# 0-1

[Event "SuperConstellation_Turbostar432KSO"]
[Site "?"]
[Date "2019.05.05"]
[Round "5"]
[White "Super Constellation"]
[Black "Turbostar 432 KSO"]
[Result "1-0"]
[WhiteElo "1819"]
[BlackElo "1807"]
[Annotator "Utzinger,K"]
[PlyCount "121"]
[EventDate "2019.??.??"]

1. d4 Nf6 {Match 120'/40 | 5. Partie | ECO D49: Benoni (Hauptsystem) | Weiss
gewinnt | Zwischenstand: 3 : 2 (+2 -1 =2) für den Super Constellation |
Obwohl der Super Constellation mit Weiss die Eröffnung alles andere als
optimal behandelt, ist es der Turbostar 432 KSO, der seinen Vorteil nicht
ausnutzt und die Stellung misshandelt. Bauernverlust bei schlechter
Bauernstruktur ist die verdiente Folge. Bald ist es aber Weiss, der seine
Gewinnstellung vermasselt. Doch erneut zeigt sich Schwarz nicht auf der Höhe,
verpasst eine Dauerschachmöglichkeit. Danach ist wieder der Super
Constellation am Ruder und dieses Mal lässt er nichts mehr anbrennen, zumal
ihm der Turbostar 432 KSO den Gewinn durch Damentausch und Übergang in ein
hoffnungsloses Endspiel auch noch erleichtert.} 2. c4 c5 3. d5 e6 4. Nc3 exd5
5. cxd5 d6 6. e4 g6 7. Nf3 Bg7 8. Be2 O-O 9. O-O Re8 10. Nd2 {***ENDE BUCH***}
Na6 {***ENDE BUCH***} 11. Bb5 Bd7 12. Bxa6 {Es ist wohl müssig, ein
Schachprogramm aus dem Jahr 1984 für diesen Abtausch zu tadeln, der mehr
Nachteile als Vorteile für Weiss bringt.} bxa6 13. Re1 Rb8 14. Nc4 Bb5 (14...
Rb4 15. Nxd6 Bg4 16. f3 Qxd6 17. fxg4 Nxe4 {-/+}) 15. Na3 Qb6 16. f3 Nd7 17.
Be3 Ne5 18. Qd2 f6 19. b4 Nc4 {? Schwarz hat nicht sehr geschickt agiert in
den letzten Zügen, aber dieser Sprung des Springers nach c4 fällt deutlich
zum Vorteil des Gegners aus.} 20. Nxc4 Bxc4 21. bxc5 dxc5 {Die schwarze
Stellung hat sich in eine positionelle Ruine verwandelt.} 22. Na4 Qb4 23. Qc2
Bb5 24. Nxc5 {Und schon hat Weiss einen wichtigen Bauern erobert.} Rec8 25. Qf2
a5 {? Schneidet der Dame den Rückzug über a5 ab.} 26. Ne6 {Gut genug für
den Gewinn, aber noch stärker war} (26. a3 Qc4 27. Rac1 {+- denn die schwarze
Majestät hat kein Feld mehr}) 26... a6 27. Rab1 Qe7 28. Nxg7 Kxg7 29. Qd2 ({
Einfach} 29. Bf4 Rb7 30. e5 {! macht den Sack sofort zu}) 29... a4 30. Bh6+ {
stärker 30.e5!} Kf7 {Noch immer steht Weiss auf Gewinn, aber} 31. Rec1 {
? völlig unverständlich wirft Weiss praktisch seinen ganzen Vorteil weg
durch das Angebot, die Türme zu tauschen und der Möglichkeit ...g5} (31. Bf4
Ra8 32. e5 {ist noch immer +-}) 31... Ke8 {? Der Turbostar 432 KSO packt seine
Chance nicht.} (31... g5 {= wegen der peniblen Drohung, durch ...Kg6 den
weissen Läufer einzukassieren}) 32. Rxc8+ {?! Minimiert den entscheidenden
Vorteil, der mit 32.f4 oder 32.Lf4 zu haben war} Rxc8 33. Rc1 Rxc1+ 34. Qxc1 {
Natürlich steht Weiss auch so noch deutlich besser mit seinem Plusbauer und
der gesünderen Bauernstruktur.} Kf7 (34... g5 {hat jetzt keine Wirkung mehr}
35. h4 gxh4 36. Qc8+ Kf7 37. Qg4 {+-}) 35. Qc8 g5 36. g4 {? Schrecklich falsch
statt 36.h4 +-} Bd3 {Erneut packt der Turbostar 432 KSO seine Chance nicht.} ({
Nach} 36... Bd7 {= hat Weiss nichts mehr} 37. Qc7 Kg6 38. d6 Qe5 39. Qxd7 Qd4+
40. Kg2 Qd2+ 41. Kh3 Kxh6 42. Qe7 Qf4 {und Weiss kann dem Dauerschach nicht
entgehen}) 37. Qf5 Ke8 38. Kg2 Kd8 39. h4 {! Nach so vielen gegenseitigen
Fehlern/Ungenauigkeiten kommt man zwischendurch immer wieder ins Staunen, wenn
solch starke Züge gefunden werden.} gxh4 40. Bd2 {?! Bedeutend schwächer als
40.Lf4 +-} h3+ 41. Kxh3 Qe5 {? Damentausch ist absolut hoffnungslos, weil
danach auch noch der e5-Bauer fällt und gegen die geballte Kraft der
verbundenen drei weissen Freibauern kein Kraut gewachsen ist.} 42. Qxe5 Bf1+
43. Kg3 fxe5 44. Bc3 Kd7 45. Bxe5 a3 46. Kf4 Bc4 47. Bc3 Bxa2 48. Bb4 a5 49.
Bxa3 a4 50. Ke3 Bc4 51. f4 Ke8 52. g5 Ba2 53. f5 Bb1 54. Kf4 Bd3 55. e5 Bc4 56.
Ke4 Bf1 57. f6 Bg2+ 58. Kd4 Bf3 59. g6 hxg6 60. e6 Kd8 61. f7 {und Matt in
wenigen Zügen} 1-0